000 00621cam a22002291 4500
001 he 66001927
003 DLC
005 20260227111442.0
008 840430s1965 is j 000 0 heb
010 _ahe 66001927
035 _a(OCoLC)19154085
040 _aDLC
_cMH
_dDLC
042 _apremarc
050 0 0 _aPZ90.H3
_bY43
100 2 _aYellin-Kalai, Yona.
245 1 0 _aHineh ani /
_ctsiyrah Yehudit Yelin Ginat.
260 _aTel Aviv :
_bMasadah,
_c[1965]
300 _a26 p. :
_bcol. ill. ;
_c22x25 cm.
500 _aPoems for children.
700 2 _aYelin-Ginat, Yehudit,
_eill.
752 _aIsrael
_dTel Aviv
999 _c32037
_d32037